000 00598nam a2200193 a 4500
001 000009892
005 20240412074213.0
008 091002s2005 dr a r 000 p spa d
040 _aDO-SdBNP
_bspa
_cBNPHU
082 _aRD861.44
_bC957m
100 1 _aCruz Paulino, Agustín
_96467
245 1 0 _aMis elegías y controversias /
_cAgustín Cruz Paulino.
260 _aBonao :
_bGutenberg,
_c2005.
300 _a62 p. :
_bil. ;
_c21 cm.
590 _aInventariado, 2018/BT
650 0 _aPoesía dominicana
_966
650 0 _aLiteratura dominicana.
_967
910 _aValidado. Control de calidad. MMOLINA
999 _c9651
_d9651